| 000 | 01180nam a2200277Ia 4500 | ||
|---|---|---|---|
| 999 |
_c39747 _d39747 |
||
| 001 | 6352 | ||
| 003 | GE_BSU | ||
| 005 | 20191122164950.0 | ||
| 008 | 181216s||||||||xx |||||||||||||| ||und|| | ||
| 040 | _cGE_BSU | ||
| 041 | _ageo | ||
| 080 | _a821.111-31 შ-56 | ||
| 100 |
_aშექსპირი, უილიამ _95542 |
||
| 245 |
_aტრაგედიები : _bწ. 2 / _cინგლ. თარგმ. ი. მაჩაბელის მიერ ; რედ. და კომენტ. ნ. ყიასაშვილისა. |
||
| 264 |
_aთბილისი : _bსაბჭოთა საქართველო, _c1985. |
||
| 300 |
_a676 გვ.; _b21 სმ. |
||
| 500 | _aშენიშვნები: გვ. 667-677. | ||
| 541 | _h10ლ. | ||
| 653 | _aტრაგედიები | ||
| 653 | _aმეფე ლირი | ||
| 653 | _aანტონიოსი და კლეოპატრა | ||
| 653 | _aკორიოლანოს | ||
| 700 |
_aმაჩაბელი, ი. _eმთარგმნელი _95543 |
||
| 700 |
_aყიასაშვილი, ნ. _eრედაქტორი _95544 |
||
| 942 |
_cBK _2udc |
||